000
00273nam a22001217a 4500
008
180205b xxu||||| |||| 00| 0 eng d
041
_a
eng
080
_a
658
100
_a
54
101
_a
LID
245
_a
Cases in organisational behaviour
_c
Lennan,R.M
942
_2
udc
_c
BK
999
_c
41731
_d
41731